[Event "4. Moscu Open 2008"]
[Site "Moscu RUS"]
[Date "2008.02.03"]
[Round "2.30"]
[White "Ivanov, Alexey"]
[Black "Andreikin, Dmitry"]
[Result "0-1"]
[WhiteElo "2314"]
[BlackElo "2573"]
[PlyCount "76"]
[EventDate "2008.02.02"]
[EventType "swiss"]
[EventRounds "9"]
[EventCountry "RUS"]
[Source "lmi"]
[SourceDate "2008.02.02"]

1. e4 e5 2. Nf3 Nc6 3. Bb5 Nf6 4. d3 d6 5. c3 Bd7 6. Ba4 g6 7. Nbd2 Bg7 8. Nf1
O-O 9. Ng3 Qe8 10. Bb3 Nd8 11. O-O a5 12. a4 Ne6 13. d4 Nf4 14. Re1 N6h5 15.
Be3 b6 16. Nxh5 Nxh5 17. h3 Nf6 18. Qc1 Bc6 19. Bh6 Bxe4 20. Bxg7 Kxg7 21. dxe5
dxe5 22. Nd2 Bb7 23. Nc4 e4 24. Qf4 Qe7 25. Rad1 Rad8 26. Rxd8 Rxd8 27. Ne3 Re8
28. Ng4 Ng8 29. Rd1 f5 30. Ne3 Nf6 31. g4 fxg4 32. hxg4 Bc8 33. Rd4 h5 34. g5
Nh7 35. Rd5 c6 36. Rd6 Nxg5 37. Kf1 Rf8 38. Qg3 h4 0-1

[Event "4. Moscu Open 2008"]
[Site "Moscu RUS"]
[Date "2008.02.03"]
[Round "2.31"]
[White "Korobov, Anton"]
[Black "Appolonov, Sergey"]
[Result "1/2-1/2"]
[WhiteElo "2573"]
[BlackElo "2423"]
[PlyCount "66"]
[EventDate "2008.02.02"]
[EventType "swiss"]
[EventRounds "9"]
[EventCountry "RUS"]
[Source "lmi"]
[SourceDate "2008.02.02"]

1. d4 Nf6 2. c4 e6 3. Nc3 d5 4. cxd5 exd5 5. Bg5 Be7 6. e3 Nbd7 7. Bd3 O-O 8.
Nf3 c6 9. Qc2 h6 10. Bf4 Nh5 11. Be5 Nxe5 12. Nxe5 Nf6 13. O-O Bd6 14. f4 c5
15. Rad1 Be6 16. a3 Rc8 17. Qd2 cxd4 18. exd4 Qb6 19. Kh1 Rfd8 20. Bb1 Rc7 21.
Qd3 a6 22. f5 Bc8 23. b4 Bf8 24. Ba2 Qd6 25. Rc1 Re7 26. Rfe1 b6 27. b5 Rc7 28.
a4 axb5 29. Nxb5 Rxc1 30. Rxc1 Qb4 31. g4 Bd7 32. Bb3 Ne4 33. Kg2 Be8 1/2-1/2

[Event "4. Moscu Open 2008"]
[Site "Moscu RUS"]
[Date "2008.02.03"]
[Round "2.32"]
[White "Pustov, Pavel"]
[Black "Evdokimov, Alexander A"]
[Result "1-0"]
[WhiteElo "2413"]
[BlackElo "2569"]
[PlyCount "71"]
[EventDate "2008.02.02"]
[EventType "swiss"]
[EventRounds "9"]
[EventCountry "RUS"]
[Source "lmi"]
[SourceDate "2008.02.02"]

1. d4 Nf6 2. Nf3 g6 3. Bg5 Bg7 4. Nbd2 O-O 5. e4 d6 6. c3 h6 7. Bh4 Nh5 8. Bc4
c6 9. O-O Nd7 10. Re1 b5 11. Bf1 g5 12. Nxg5 hxg5 13. Bxg5 Nhf6 14. f4 e5 15.
dxe5 Qb6+ 16. Kh1 dxe5 17. f5 Bb7 18. g4 Rfd8 19. Be3 c5 20. Bg2 Qc6 21. g5 Nh7
22. Qg4 c4 23. Nf1 Nc5 24. Ng3 Rd3 25. Bxc5 Qxc5 26. f6 Bf8 27. Nf5 Kh8 28. Qh5
Qf2 29. Rf1 Qd2 30. Qxf7 Qxg5 31. Qxb7 Rad8 32. Qxb5 Rd2 33. Ng3 Rc2 34. Rf5
Qg6 35. Qb7 Bd6 36. Qd5 1-0

[Event "4. Moscu Open 2008"]
[Site "Moscu RUS"]
[Date "2008.02.03"]
[Round "2.33"]
[White "Kharitonov, Andrei  V"]
[Black "Paveliev, Alexey"]
[Result "1-0"]
[WhiteElo "2569"]
[BlackElo "2423"]
[PlyCount "103"]
[EventDate "2008.02.02"]
[EventType "swiss"]
[EventRounds "9"]
[EventCountry "RUS"]
[Source "lmi"]
[SourceDate "2008.02.02"]

1. d4 d5 2. c4 c6 3. Nf3 Nf6 4. Nc3 a6 5. cxd5 cxd5 6. Bf4 Nc6 7. Rc1 e6 8. e3
Bd6 9. Bg3 O-O 10. Bd3 Qe7 11. Ne5 Bxe5 12. dxe5 Nd7 13. f4 f6 14. exf6 Nxf6
15. O-O Bd7 16. Bh4 Rad8 17. Bb1 Be8 18. Na4 e5 19. Nc5 e4 20. Qb3 Na5 21. Qc3
b6 22. Nb3 Nc4 23. Nd4 Rc8 24. b3 Nd6 25. Qb4 Bb5 26. Rfd1 a5 27. Qd2 Bd7 28.
h3 Qf7 29. Rxc8 Rxc8 30. Rc1 Rc5 31. a3 Nfe8 32. Ba2 Rxc1+ 33. Qxc1 Nb5 34.
Nxb5 Bxb5 35. Bd8 Qe6 36. Qc3 Nf6 37. b4 axb4 38. Qxb4 Qc6 39. Bxf6 gxf6 40.
Qxe4 Qc1+ 41. Kh2 Bc4 42. Qe6+ Kg7 43. Qe7+ Kg8 44. Qd8+ Kg7 45. Qc7+ Kg8 46.
e4 Qc2 47. Qd8+ Kg7 48. Qe7+ Kg8 49. Qe6+ Kg7 50. e5 fxe5 51. f5 Qf2 52. Qxe5+
1-0

[Event "4. Moscu Open 2008"]
[Site "Moscu RUS"]
[Date "2008.02.03"]
[Round "2.35"]
[White "Khismatullin, Denis"]
[Black "Shvedchikov, Anatoli I"]
[Result "1-0"]
[WhiteElo "2564"]
[BlackElo "2423"]
[PlyCount "67"]
[EventDate "2008.02.02"]
[EventType "swiss"]
[EventRounds "9"]
[EventCountry "RUS"]
[Source "lmi"]
[SourceDate "2008.02.02"]

1. c4 c6 2. Nf3 d5 3. e3 Nf6 4. d4 g6 5. Bd3 Bg7 6. O-O O-O 7. Nc3 b6 8. Qe2
Bb7 9. e4 dxe4 10. Nxe4 Nbd7 11. Nxf6+ Nxf6 12. Bf4 Re8 13. Rad1 e6 14. c5 Nd5
15. Bd6 Bf8 16. Bxf8 Rxf8 17. Rc1 Nf4 18. Qe3 Nxd3 19. Qxd3 Qd5 20. b3 b5 21.
Qe3 f6 22. Rfe1 Bc8 23. Rcd1 Rd8 24. h3 a5 25. Nd2 Ra7 26. Ne4 Kg7 27. Qf4 Rf7
28. Nd6 Re7 29. Rd3 Rf8 30. Rf3 Rff7 31. Nxf7 Rxf7 32. h4 h6 33. Re5 Qd7 34.
Ree3 1-0

[Event "4. Moscu Open 2008"]
[Site "Moscu RUS"]
[Date "2008.02.03"]
[Round "2.36"]
[White "Vovk, Yuri"]
[Black "Zherebukh, Yaroslav"]
[Result "0-1"]
[WhiteElo "2561"]
[BlackElo "2420"]
[PlyCount "98"]
[EventDate "2008.02.02"]
[EventType "swiss"]
[EventRounds "9"]
[EventCountry "RUS"]
[Source "lmi"]
[SourceDate "2008.02.02"]

1. d4 Nf6 2. c4 c5 3. Nf3 cxd4 4. Nxd4 Nc6 5. Nc3 e6 6. g3 Qb6 7. Nb3 Ne5 8. e4
Bb4 9. Qe2 d6 10. f4 Nc6 11. Be3 Bxc3+ 12. bxc3 Qc7 13. Bg2 O-O 14. Rd1 b6 15.
e5 dxe5 16. fxe5 Nd7 17. Nd4 Nxd4 18. cxd4 Bb7 19. Bxb7 Qxb7 20. O-O Rac8 21.
Bg5 Rfe8 22. Rf4 Nf8 23. Rg4 Rxc4 24. Bh6 Ng6 25. Bxg7 Rec8 26. Bh6 Rc2 27. Bd2
Rxa2 28. h4 h5 29. Rg5 Rcc2 30. Qd3 Kf8 31. Rxh5 Qa6 32. Qxa6 Rxa6 33. Kf2 Raa2
34. Ke3 Ra3+ 35. Ke4 Rxg3 36. Rg5 Rh3 37. Rg4 Nxh4 38. Bh6+ Ke8 39. Rg8+ Kd7
40. Bg5 Re2+ 41. Kf4 Rf3+ 42. Kg4 Re4+ 43. Kh5 Nf5 44. Rd8+ Kc6 45. Bf6 Rh3+
46. Kg5 Rg3+ 47. Kh5 Rg6 48. Rc1+ Kb5 49. Rc3 Rh4+ 0-1

[Event "4. Moscu Open 2008"]
[Site "Moscu RUS"]
[Date "2008.02.03"]
[Round "2.37"]
[White "Pokazanjev, Nikolai"]
[Black "Nguyen, Ngoc Truong Son"]
[Result "0-1"]
[WhiteElo "2405"]
[BlackElo "2551"]
[PlyCount "96"]
[EventDate "2008.02.02"]
[EventType "swiss"]
[EventRounds "9"]
[EventCountry "RUS"]
[Source "lmi"]
[SourceDate "2008.02.02"]

1. e4 e6 2. d4 d5 3. e5 c5 4. c3 Qb6 5. Nf3 Nc6 6. a3 c4 7. Nbd2 Na5 8. g3 Bd7
9. h4 h6 10. Bh3 Ne7 11. O-O O-O-O 12. Re1 Kb8 13. Rb1 Nc8 14. Nf1 Be7 15. Ne3
Qc7 16. Ng2 Rdg8 17. Nh2 Qd8 18. Qf3 Qf8 19. Be3 Nb6 20. Qe2 Nc6 21. Rf1 Bd8
22. h5 Bc7 23. f4 Ne7 24. g4 g6 25. Kh1 gxh5 26. gxh5 Qg7 27. Ng4 Nf5 28. Bf2
Bd8 29. N4e3 Nxe3 30. Bxe3 f5 31. exf6 Qxf6 32. Bg1 Bc7 33. Rbe1 Rg3 34. Rf3
Rxf3 35. Qxf3 Nc8 36. Qg4 Nd6 37. Qg6 Qd8 38. Bxe6 Be8 39. Qg4 Ne4 40. Ne3 Bxh5
41. Qh3 Re8 42. Bg4 Bxg4 43. Nxg4 Bxf4 44. Kg2 Qg5 45. Rf1 Bc7 46. Be3 Qg6 47.
Bxh6 Rg8 48. Kf3 Ng3 0-1

[Event "4. Moscu Open 2008"]
[Site "Moscu RUS"]
[Date "2008.02.03"]
[Round "2.38"]
[White "Rychagov, Andrey"]
[Black "Kachko, Alexander"]
[Result "1/2-1/2"]
[WhiteElo "2551"]
[BlackElo "2419"]
[PlyCount "119"]
[EventDate "2008.02.02"]
[EventType "swiss"]
[EventRounds "9"]
[EventCountry "RUS"]
[Source "lmi"]
[SourceDate "2008.02.02"]

1. d4 d5 2. c4 c6 3. Nf3 Nf6 4. Nc3 a6 5. Ne5 Nbd7 6. Bf4 dxc4 7. Nxc4 b5 8.
Ne5 Bb7 9. e3 e6 10. Qf3 Nxe5 11. Bxe5 Nd7 12. Bf4 Qb6 13. Bd3 Nf6 14. Ne4 Nxe4
15. Bxe4 Bb4+ 16. Ke2 f5 17. Bd3 O-O 18. Qg3 Qd8 19. Rhd1 Rf7 20. Bc2 a5 21. a3
Bf8 22. Bb3 Qd7 23. Kf1 a4 24. Ba2 Rd8 25. h4 Bd6 26. Bxd6 Qxd6 27. Qxd6 Rxd6
28. g3 Kf8 29. Rdc1 Ke7 30. Rc5 g6 31. Ke2 Rf8 32. Kd2 Rdd8 33. Re1 Kd6 34. Re5
Bc8 35. Rg1 Bd7 36. Bb1 Rc8 37. Rc5 Rfe8 38. f4 Rb8 39. Kc3 Re7 40. Kb4 Rg8 41.
Bd3 h6 42. g4 g5 43. fxg5 hxg5 44. h5 Rh8 45. Re5 Rg7 46. gxf5 exf5 47. Bxf5
Rxh5 48. Bxd7 Kxd7 49. Kc5 Rg6 50. Rg2 Rg8 51. d5 cxd5 52. Rxd5+ Ke6 53. e4 Rh3
54. Kxb5 g4 55. Kxa4 Re3 56. b4 g3 57. Rc5 Rg7 58. Kb5 Rxa3 59. Kb6 Rf3 60.
Rcc2 1/2-1/2

[Event "4. Moscu Open 2008"]
[Site "Moscu RUS"]
[Date "2008.02.03"]
[Round "2.39"]
[White "Novikov, Stanislav"]
[Black "Matsenko, Sergei"]
[Result "1-0"]
[WhiteElo "2545"]
[BlackElo "2418"]
[PlyCount "77"]
[EventDate "2008.02.02"]
[EventType "swiss"]
[EventRounds "9"]
[EventCountry "RUS"]
[Source "lmi"]
[SourceDate "2008.02.02"]

1. e4 c5 2. Nf3 Nc6 3. Nc3 e6 4. d4 cxd4 5. Nxd4 Qc7 6. f4 a6 7. Be3 b5 8. Bd3
Bb7 9. Qf3 Nf6 10. g4 Nxd4 11. Bxd4 b4 12. Ne2 d5 13. e5 Ne4 14. f5 Bc5 15. Qe3
Rc8 16. Bxc5 Qxc5 17. Qxc5 Nxc5 18. Nd4 O-O 19. Kd2 f6 20. Rhe1 Rce8 21. exf6
e5 22. fxg7 Kxg7 23. Nb3 Na4 24. a3 bxa3 25. Rxa3 Nxb2 26. Nc5 Bc8 27. Bxa6 Rf6
28. Bb5 Re7 29. Rb3 Rc7 30. Ne6+ Bxe6 31. Rxb2 Bf7 32. Rxe5 Rb6 33. Rb3 Kf6 34.
Re1 Kg5 35. Bd3 Rxb3 36. cxb3 Rb7 37. Bc2 d4 38. Rb1 Kf4 39. Rg1 1-0

[Event "4. Moscu Open 2008"]
[Site "Moscu RUS"]
[Date "2008.02.03"]
[Round "2.40"]
[White "Gorovykh, Eduard"]
[Black "Khairullin, Ildar"]
[Result "0-1"]
[WhiteElo "2402"]
[BlackElo "2544"]
[PlyCount "56"]
[EventDate "2008.02.02"]
[EventType "swiss"]
[EventRounds "9"]
[EventCountry "RUS"]
[Source "lmi"]
[SourceDate "2008.02.02"]

1. d4 Nf6 2. Bg5 e6 3. Nf3 h6 4. Bh4 d6 5. Nc3 g5 6. Bg3 Nh5 7. e4 Bg7 8. Bc4
Nd7 9. Ne2 Qe7 10. h3 Nb6 11. Bd3 f5 12. Qd2 Bd7 13. c4 O-O-O 14. Qa5 fxe4 15.
Bxe4 Nxg3 16. Nxg3 d5 17. c5 dxe4 18. cxb6 cxb6 19. Qxa7 Qb4+ 20. Nd2 Bc6 21.
Rc1 Kc7 22. O-O Qxd2 23. d5 exd5 24. Nf5 Ra8 25. Rxc6+ Kxc6 26. Ne7+ Kc7 27.
Nxd5+ Qxd5 28. Rc1+ Qc6 0-1

[Event "4. Moscu Open 2008"]
[Site "Moscu RUS"]
[Date "2008.02.03"]
[Round "2.41"]
[White "Chernyshov, Konstantin"]
[Black "Nyzhnyk, Illya"]
[Result "1/2-1/2"]
[WhiteElo "2543"]
[BlackElo "2405"]
[PlyCount "160"]
[EventDate "2008.02.02"]
[EventType "swiss"]
[EventRounds "9"]
[EventCountry "RUS"]
[Source "lmi"]
[SourceDate "2008.02.02"]

1. c4 e5 2. Nc3 Nf6 3. Nf3 Nc6 4. e3 Be7 5. d4 d6 6. d5 Nb8 7. Nd2 a5 8. Bd3
Na6 9. h3 Nc5 10. Bc2 c6 11. O-O cxd5 12. cxd5 Bd7 13. a4 O-O 14. Kh2 Na6 15.
Bd3 Nb4 16. Bc4 Rc8 17. b3 Bf5 18. e4 Bg6 19. g3 Nd7 20. f4 exf4 21. gxf4 Bf6
22. Bb2 Nc5 23. e5 Ncd3 24. exf6 Nxb2 25. Qf3 Qxf6 26. Nde4 Bxe4 27. Nxe4 Qe7
28. Bb5 Rc2+ 29. Kh1 Nxd5 30. Rae1 Qh4 31. Kg1 Nb4 32. Nxd6 Qf6 33. Ne4 Qd4+
34. Kh1 N4d3 35. Re3 Nb4 36. Ng3 Rd2 37. Re4 Qc5 38. Re5 Qc2 39. Ne4 Rd1 40.
Rc5 Qb1 41. Rxd1 Nxd1 42. Kh2 Qb2+ 43. Kg3 Qd4 44. Re5 b6 45. Kh2 Nc2 46. Rd5
Qe3 47. Qxe3 Ndxe3 48. Rd6 Rb8 49. Nd2 Nf5 50. Rd7 Nce3 51. Kg1 h6 52. Kf2 Nd1+
53. Kf3 Re8 54. Nc4 Nc3 55. Bc6 Ne2 56. Bd5 Ned4+ 57. Kg4 Re1 58. h4 Rg1+ 59.
Kh3 Rg3+ 60. Kh2 Nf3+ 61. Bxf3 Rxf3 62. Nxb6 Rxb3 63. Nd5 Ra3 64. Nb6 Nxh4 65.
Ra7 g5 66. fxg5 hxg5 67. Rxa5 f5 68. Ra7 g4 69. Nd5 g3+ 70. Kh3 g2+ 71. Kh2
Rh3+ 72. Kxh3 g1=Q 73. Nf6+ Kf8 74. Nh7+ Ke8 75. Nf6+ Kd8 76. Rd7+ Kc8 77. Kxh4
f4 78. Rf7 Qg6 79. Rf8+ Kb7 80. Nh5 Ka6 1/2-1/2

[Event "4. Moscu Open 2008"]
[Site "Moscu RUS"]
[Date "2008.02.03"]
[Round "2.42"]
[White "Gasanov, Eldar"]
[Black "Purtov, Andrei"]
[Result "1-0"]
[WhiteElo "2541"]
[BlackElo "2403"]
[PlyCount "65"]
[EventDate "2008.02.02"]
[EventType "swiss"]
[EventRounds "9"]
[EventCountry "RUS"]
[Source "lmi"]
[SourceDate "2008.02.02"]

1. d4 Nf6 2. c4 g6 3. Nc3 Bg7 4. e4 d6 5. Bg5 O-O 6. Qd2 c5 7. d5 e6 8. Bd3
exd5 9. exd5 Nbd7 10. f4 a6 11. Nge2 Qa5 12. O-O b5 13. cxb5 Nb6 14. bxa6 Nbxd5
15. f5 Nb6 16. fxg6 fxg6 17. Bb5 d5 18. Nxd5 Qxd2 19. Nxf6+ Bxf6 20. Bxd2 Bxb2
21. Rxf8+ Kxf8 22. Rb1 Be5 23. Be3 Bd6 24. Nc3 Bf5 25. Rd1 Be7 26. a4 Rc8 27.
a5 Na8 28. Nd5 Rd8 29. Bh6+ Kf7 30. Bc4 Be6 31. Rf1+ Ke8 32. Bb5+ Bd7 33. Re1
1-0

[Event "4. Moscu Open 2008"]
[Site "Moscu RUS"]
[Date "2008.02.03"]
[Round "2.43"]
[White "Andriasian, Zaven"]
[Black "Okara, Andrey"]
[Result "1-0"]
[WhiteElo "2532"]
[BlackElo "2402"]
[PlyCount "105"]
[EventDate "2008.02.02"]
[EventType "swiss"]
[EventRounds "9"]
[EventCountry "RUS"]
[Source "lmi"]
[SourceDate "2008.02.02"]

1. e4 e5 2. Nf3 Nc6 3. Bb5 a6 4. Ba4 Nf6 5. O-O Be7 6. Re1 b5 7. Bb3 d6 8. c3
O-O 9. d4 Bg4 10. Be3 Re8 11. Nbd2 d5 12. h3 exd4 13. cxd4 Bh5 14. e5 Ne4 15.
Nxe4 dxe4 16. Qc2 exf3 17. Qxc6 fxg2 18. Rec1 Bg5 19. Qxg2 Bxe3 20. fxe3 a5 21.
Rc6 Bg6 22. Rac1 Rc8 23. R6c5 a4 24. Bd5 Kh8 25. Bb7 Rb8 26. Rxc7 f6 27. Be4
fxe5 28. Bxg6 hxg6 29. Qxg6 Re7 30. Qh5+ Kg8 31. Rxe7 Qxe7 32. Qxe5 Qxe5 33.
dxe5 Kf7 34. Rc7+ Ke6 35. Rxg7 Kxe5 36. Kf2 b4 37. Ke2 b3 38. a3 Rh8 39. Rg5+
Ke6 40. Rg3 Rc8 41. Rg2 Ke5 42. Kd3 Rd8+ 43. Ke2 Rc8 44. h4 Rc1 45. Rg5+ Ke6
46. Rg4 Rc2+ 47. Kd3 Rxb2 48. Rxa4 Rh2 49. Rb4 b2 50. h5 Kf6 51. h6 Kg6 52.
Rb6+ Kh7 53. Kc3 1-0

[Event "4. Moscu Open 2008"]
[Site "Moscu RUS"]
[Date "2008.02.03"]
[Round "2.44"]
[White "Tarasov, Oleg"]
[Black "Bryzgalin, Kirill"]
[Result "1/2-1/2"]
[WhiteElo "2341"]
[BlackElo "2531"]
[PlyCount "38"]
[EventDate "2008.02.02"]
[EventType "swiss"]
[EventRounds "9"]
[EventCountry "RUS"]
[Source "lmi"]
[SourceDate "2008.02.02"]

1. e4 c5 2. c3 Nf6 3. e5 Nd5 4. d4 cxd4 5. cxd4 e6 6. Nc3 Nxc3 7. bxc3 d6 8. f4
dxe5 9. fxe5 Qc7 10. Bd2 Nc6 11. Nf3 f6 12. Bd3 Bd7 13. O-O O-O-O 14. Bf4 h5
15. Bg3 fxe5 16. Nxe5 Nxe5 17. Bxe5 Bd6 18. Bxd6 Qxd6 19. Qe2 h4 1/2-1/2

[Event "4. Moscu Open 2008"]
[Site "Moscu RUS"]
[Date "2008.02.03"]
[Round "2.45"]
[White "Kharitonov, Alexandr"]
[Black "Kalashnikov, Konstantin"]
[Result "1/2-1/2"]
[WhiteElo "2524"]
[BlackElo "2381"]
[PlyCount "60"]
[EventDate "2008.02.02"]
[EventType "swiss"]
[EventRounds "9"]
[EventCountry "RUS"]
[Source "lmi"]
[SourceDate "2008.02.02"]

1. d4 Nf6 2. c4 g6 3. g3 Bg7 4. Bg2 O-O 5. Nc3 d6 6. Nf3 Nbd7 7. O-O e5 8. e4
exd4 9. Nxd4 Nc5 10. h3 Re8 11. Re1 h6 12. Kh2 Bd7 13. Rb1 Qc8 14. b4 Ne6 15.
Nxe6 Bxe6 16. Nd5 Nd7 17. Bb2 Bxb2 18. Rxb2 a5 19. a3 axb4 20. axb4 c6 21. Ne3
Ne5 22. f4 Nxc4 23. Nxc4 Bxc4 24. Qxd6 Rd8 25. Qc5 Ra2 26. Rxa2 Bxa2 27. Re2
Qe6 28. Rf2 Bb3 29. f5 gxf5 30. exf5 Qf6 1/2-1/2

[Event "4. Moscu Open 2008"]
[Site "Moscu RUS"]
[Date "2008.02.03"]
[Round "2.46"]
[White "Hossain, Enamul"]
[Black "Krylov, Mikhail"]
[Result "1-0"]
[WhiteElo "2522"]
[BlackElo "2371"]
[PlyCount "95"]
[EventDate "2008.02.02"]
[EventType "swiss"]
[EventRounds "9"]
[EventCountry "RUS"]
[Source "lmi"]
[SourceDate "2008.02.02"]

1. e4 Nf6 2. e5 Nd5 3. d4 d6 4. c4 Nb6 5. exd6 exd6 6. Nc3 Nc6 7. h3 Be7 8. Nf3
Bf5 9. d5 Ne5 10. Nd4 Bd7 11. b3 O-O 12. Be2 c5 13. dxc6 Nxc6 14. Be3 d5 15. c5
Nc8 16. O-O Qa5 17. Nxd5 Rd8 18. a3 Nxd4 19. Qxd4 Bc6 20. b4 Qa4 21. Nxe7+ Nxe7
22. Qb2 Nf5 23. Bg5 f6 24. Bg4 Be4 25. Rfe1 Qc6 26. b5 Qd5 27. Rad1 Qc4 28. Be3
Nxe3 29. Rxe3 f5 30. Rc1 Qd4 31. Qxd4 Rxd4 32. Bf3 Rc8 33. Bxe4 fxe4 34. c6
bxc6 35. bxc6 Kf8 36. Rb3 Rd3 37. Rb7 Rxa3 38. Rc5 Ra6 39. Rf5+ Ke8 40. Rff7
Raxc6 41. Rxg7 Rf6 42. Rbe7+ Kf8 43. Rxh7 Kg8 44. Reg7+ Kf8 45. Rxa7 Kg8 46.
Rag7+ Kf8 47. Rh8+ Kxg7 48. Rxc8 1-0

[Event "4. Moscu Open 2008"]
[Site "Moscu RUS"]
[Date "2008.02.03"]
[Round "2.47"]
[White "Yudin, Sergei"]
[Black "Mikheev, Stanislav"]
[Result "1-0"]
[WhiteElo "2519"]
[BlackElo "2312"]
[PlyCount "151"]
[EventDate "2008.02.02"]
[EventType "swiss"]
[EventRounds "9"]
[EventCountry "RUS"]
[Source "lmi"]
[SourceDate "2008.02.02"]

1. e4 e5 2. Bc4 Nf6 3. d3 c6 4. Bb3 d5 5. Nf3 a5 6. a3 a4 7. Ba2 Bd6 8. Nc3 Be6
9. O-O h6 10. Re1 d4 11. Ne2 c5 12. Ng3 Nc6 13. Nf5 Bxa2 14. Rxa2 g6 15. Nxd6+
Qxd6 16. Bd2 Kf8 17. Nh4 Kg7 18. Rf1 Qe6 19. Ra1 Qg4 20. Qxg4 Nxg4 21. h3 Nf6
22. f4 exf4 23. Bxf4 Nd7 24. Nf3 Rhe8 25. Rf2 b5 26. Raf1 Re6 27. Bh2 Ra7 28.
c3 Nde5 29. Nxe5 Nxe5 30. Bxe5+ Rxe5 31. cxd4 cxd4 32. Rc1 f5 33. exf5 gxf5 34.
Rc6 Rd7 35. Rb6 Rdd5 36. Kh2 Re3 37. Rc2 Rd7 38. Rxb5 Rxd3 39. Rxf5 Rb3 40. Rd2
d3 41. Rf4 Re7 42. Rd4 Re3 43. Kg1 Re1+ 44. Kh2 Rb1 45. R4xd3 R1xb2 46. Rd7+
Kf6 47. Rxb2 Rxb2 48. Rd4 h5 49. Rxa4 Kg5 50. Ra5+ Kh4 51. Ra4+ Kg5 52. Ra8 Rc2
53. a4 Ra2 54. a5 h4 55. a6 Kg6 56. a7 Kg7 57. Kg1 Ra1+ 58. Kf2 Ra3 59. Ke2
Ra2+ 60. Kd3 Ra4 61. Kc3 Ra2 62. Kd4 Ra1 63. Ke5 Ra4 64. Kf5 Ra2 65. Kf4 Kh7
66. Kf3 Kg7 67. Re8 Rxa7 68. Re4 Ra3+ 69. Kf2 Ra2+ 70. Kg1 Kf6 71. Rxh4 Kg5 72.
Rb4 Rc2 73. Kh2 Ra2 74. h4+ Kh5 75. Kh3 Ra3+ 76. g3 1-0

[Event "4. Moscu Open 2008"]
[Site "Moscu RUS"]
[Date "2008.02.03"]
[Round "2.49"]
[White "Ipatov, Alexander"]
[Black "Dzhakaev, Dzhakay"]
[Result "0-1"]
[WhiteElo "2323"]
[BlackElo "2510"]
[PlyCount "43"]
[EventDate "2008.02.02"]
[EventType "swiss"]
[EventRounds "9"]
[EventCountry "RUS"]
[Source "lmi"]
[SourceDate "2008.02.02"]

1. d4 d6 2. c4 e5 3. Nf3 e4 4. Ng5 f5 5. Nc3 Nf6 6. Bf4 h6 7. Nh3 g5 8. Bd2 Bg7
9. e3 O-O 10. f3 c5 11. d5 exf3 12. gxf3 f4 13. e4 Nbd7 14. Nf2 Ne5 15. Be2 g4
16. Rg1 Nh5 17. fxg4 Ng3 18. Rxg3 fxg3 19. hxg3 a6 20. Bf4 Ng6 21. a3 Be5 22.
Nd3 0-1

[Event "4. Moscu Open 2008"]
[Site "Moscu RUS"]
[Date "2008.02.03"]
[Round "2.50"]
[White "Nikolenko, Oleg"]
[Black "Urjubdshzirov, Erdni"]
[Result "1-0"]
[WhiteElo "2509"]
[BlackElo "2173"]
[PlyCount "63"]
[EventDate "2008.02.02"]
[EventType "swiss"]
[EventRounds "9"]
[EventCountry "RUS"]
[Source "lmi"]
[SourceDate "2008.02.02"]

1. e4 c5 2. Nf3 e6 3. d4 cxd4 4. Nxd4 Nc6 5. Nc3 Qc7 6. g3 a6 7. Bg2 d6 8. O-O
Bd7 9. Nb3 Nf6 10. f4 Be7 11. Be3 Rc8 12. h3 h5 13. a4 Nb4 14. Rf2 e5 15. a5
Be6 16. Ra4 Bxb3 17. cxb3 Nc6 18. Nd5 Qb8 19. Nxe7 Nxe7 20. Rd2 Rc6 21. Rc4 h4
22. g4 O-O 23. g5 Ne8 24. fxe5 dxe5 25. Rxc6 Nxc6 26. Bc5 g6 27. Bxf8 Kxf8 28.
Rd7 Nd4 29. Qf1 f5 30. Qc4 Nd6 31. Qc5 N4b5 32. Qxe5 1-0

[Event "4. Moscu Open 2008"]
[Site "Moscu RUS"]
[Date "2008.02.03"]
[Round "2.51"]
[White "Gundavaa, Bayarsaihan"]
[Black "Abdulla, Al-Rakib"]
[Result "0-1"]
[WhiteElo "2320"]
[BlackElo "2506"]
[PlyCount "114"]
[EventDate "2008.02.02"]
[EventType "swiss"]
[EventRounds "9"]
[EventCountry "RUS"]
[Source "lmi"]
[SourceDate "2008.02.02"]

1. d4 Nf6 2. c4 c5 3. d5 e5 4. Nc3 d6 5. e4 Be7 6. Be2 Nbd7 7. Nf3 Nf8 8. O-O
Ng6 9. Ne1 a6 10. b4 cxb4 11. Qa4+ b5 12. Qxb4 bxc4 13. Qxc4 O-O 14. Nd3 a5 15.
Be3 Ba6 16. Qb3 Rb8 17. Qa3 Bxd3 18. Bxd3 Ng4 19. Bd2 Bg5 20. Qc1 Bxd2 21. Qxd2
Nf4 22. g3 Nxd3 23. Qxd3 Rb4 24. h3 Nf6 25. Rab1 Qc8 26. Kg2 Rc4 27. Nb5 Nxe4
28. Na7 Qc5 29. Rb5 Qd4 30. Qxd4 exd4 31. Nc6 a4 32. Rfb1 g6 33. R5b4 Rc2 34.
R1b2 Rxb2 35. Rxb2 d3 36. Rb4 Nc5 37. Rd4 Re8 38. Nb4 Re2 39. Kf3 Rb2 40. Nxd3
Nxd3 41. Rxd3 Rxa2 42. Rc3 Kf8 43. Rc7 Rb2 44. Ra7 Rb3+ 45. Ke4 a3 46. Ra6 Ke7
47. Ra7+ Ke8 48. Ra8+ Kd7 49. Kd4 Kc7 50. h4 Kb7 51. Ra5 h5 52. Ra4 f5 53. Kc4
Rf3 54. Kb5 Kc7 55. Ra7+ Kb8 56. Ra6 Kb7 57. Ra4 Rxf2 0-1

[Event "4. Moscu Open 2008"]
[Site "Moscu RUS"]
[Date "2008.02.03"]
[Round "2.53"]
[White "Gubajdullin, Alexei"]
[Black "Samedov, ALim"]
[Result "1-0"]
[WhiteElo "2504"]
[BlackElo "2094"]
[PlyCount "72"]
[EventDate "2008.02.02"]
[EventType "swiss"]
[EventRounds "9"]
[EventCountry "RUS"]
[Source "lmi"]
[SourceDate "2008.02.02"]

1. Nc3 d5 2. e4 d4 3. Nce2 e5 4. Nf3 Bd6 5. Ng3 Bg4 6. h3 Be6 7. Bb5+ c6 8. Ba4
Qa5 9. c3 d3 10. Ng5 Bc4 11. Bb3 b5 12. Nf5 Bf8 13. Bxc4 bxc4 14. Ne3 Qc5 15.
Qa4 Qb5 16. Qxc4 Qxc4 17. Nxc4 Nd7 18. O-O Ngf6 19. Re1 Be7 20. Nf3 c5 21. b3
O-O 22. Ba3 Rac8 23. Re3 Rc6 24. Rae1 Ra6 25. Rxd3 Re8 26. Rde3 Bf8 27. Ra1 g6
28. Bb2 Bg7 29. a3 Nh5 30. d4 cxd4 31. cxd4 exd4 32. Bxd4 Bxd4 33. Nxd4 Nhf6
34. Rae1 Ne5 35. Nxe5 Rxe5 36. b4 Rd6 1-0

[Event "4. Moscu Open 2008"]
[Site "Moscu RUS"]
[Date "2008.02.03"]
[Round "2.54"]
[White "Djuraev, Sokhib"]
[Black "Dvalishvili, Pavel S"]
[Result "0-1"]
[WhiteElo "2283"]
[BlackElo "2500"]
[PlyCount "89"]
[EventDate "2008.02.02"]
[EventType "swiss"]
[EventRounds "9"]
[EventCountry "RUS"]
[Source "lmi"]
[SourceDate "2008.02.02"]

1. e4 c5 2. Nf3 e6 3. Nc3 a6 4. d4 cxd4 5. Nxd4 b5 6. Bd3 Qc7 7. O-O Bb7 8. Re1
Bc5 9. Nf3 Nf6 10. h3 d6 11. a3 Nbd7 12. Bd2 O-O 13. b4 Ba7 14. Qe2 Rfc8 15.
Rec1 Nb6 16. a4 bxa4 17. Nxa4 Nc4 18. Bg5 Nd7 19. c3 d5 20. Bxc4 Qxc4 21. Qxc4
Rxc4 22. Nd2 Rcc8 23. exd5 Bxd5 24. c4 Bc6 25. Nb3 Rab8 26. Be7 Nf6 27. Nc3 Rb6
28. Bxf6 gxf6 29. Rxa6 Rxb4 30. Na5 Bb6 31. c5 Bxa5 32. Rxa5 f5 33. Ne2 Kg7 34.
g3 e5 35. Ra3 h5 36. h4 Rd8 37. Re3 Kf6 38. Re1 f4 39. Ra3 fxg3 40. fxg3 Rc4
41. Ra7 Rd2 42. Ra5 Kg7 43. Kf2 Rc3 44. Rea1 Rdc2 45. Ke1 0-1

[Event "4. Moscu Open 2008"]
[Site "Moscu RUS"]
[Date "2008.02.03"]
[Round "2.55"]
[White "Galiaev, Andrey"]
[Black "Akopian, Vladimir"]
[Result "0-1"]
[WhiteElo "2314"]
[BlackElo "2700"]
[PlyCount "66"]
[EventDate "2008.02.02"]
[EventType "swiss"]
[EventRounds "9"]
[EventCountry "RUS"]
[Source "lmi"]
[SourceDate "2008.02.02"]

1. e4 g6 2. d4 Bg7 3. Nf3 d6 4. h3 c6 5. Bc4 d5 6. Bd3 dxe4 7. Bxe4 Nf6 8. Bd3
Bf5 9. Bxf5 Qa5+ 10. Nc3 Qxf5 11. g4 Qc8 12. Bf4 h5 13. g5 Nd5 14. Nxd5 cxd5
15. Qd3 Nc6 16. Be5 O-O 17. Bxg7 Kxg7 18. O-O-O Qc7 19. Kb1 Rfc8 20. c3 Rab8
21. Ne5 Nxe5 22. dxe5 e6 23. f4 b5 24. Rc1 Qb7 25. b3 a5 26. Qd4 a4 27. Rh2 Ra8
28. Rcc2 axb3 29. axb3 Ra3 30. Qb4 Qa7 31. Rce2 Qg1+ 32. Kc2 Ra2+ 33. Kd3 Qg3+
0-1